[Event "Madrid ch Superveteranos 2021-2022"]
[Site "Madrid ESP"]
[Date "2022.04.19"]
[Round "2.5"]
[White "Martinez Miura, Enrique"]
[Black "De Paz Nistal, Santiago"]
[Result "0-1"]
[WhiteElo "1582"]
[BlackElo "1874"]
[PlyCount "114"]
[EventDate "2022.04.18"]
[EventType "swiss"]
[EventRounds "7"]
[EventCountry "ESP"]
[SourceTitle "Ajedrez en Madrid"]
[Source "lmi"]
[SourceDate "2022.04.18"]
[SourceVersion "1"]
[SourceVersionDate "2022.04.28"]
[SourceQuality "1"]

1. e4 e5 2. Nf3 Nc6 3. Bb5 a6 4. Ba4 Nf6 5. d3 d6 6. h3 Be7 7. c3 b5 8. Bc2 O-O
9. O-O Ne8 10. d4 exd4 11. Nxd4 Bb7 12. Nf5 Bf6 13. Bf4 g6 14. Nh6+ Kh8 15. Bb3
Qd7 16. Ng4 Bg7 17. Nd2 f5 18. exf5 Qxf5 19. Bg3 Nf6 20. Bc2 Qd7 21. Nxf6 Bxf6
22. Ne4 Bg7 23. Nc5 Qc8 24. Nxb7 Qxb7 25. Be4 Qb6 26. Kh1 Rae8 27. Bxc6 Qxc6
28. Qd2 Qc4 29. Rfe1 Kg8 30. Rxe8 Rxe8 31. Re1 Rxe1+ 32. Qxe1 Qxa2 33. Qe8+ Bf8
34. Qc8 Qf7 35. Qxa6 Qd7 36. Qb7 Be7 37. Qd5+ Kg7 38. Be5+ Bf6 39. Bxf6+ Kxf6
40. Qd4+ Kf7 41. Qd5+ Kf8 42. Qd4 Qf7 43. f3 h5 44. Qd3 Qf5 45. Qd2 Ke7 46. b4
Kd7 47. Qd4 g5 48. Qg7+ Kc6 49. Qd4 h4 50. Kg1 Qe5 51. Qd3 Kb6 52. Kh1 c5 53.
Qc2 cxb4 54. cxb4 Qe1+ 55. Kh2 Qxb4 56. Qf2+ Qc5 57. Qb2 Qe5+ 0-1

[Event "Madrid ch Superveteranos 2021-2022"]
[Site "Madrid ESP"]
[Date "2022.04.19"]
[Round "2.6"]
[White "Camarero Izquierdo, Juan Carlos"]
[Black "Lopez Manso, Jeronimo"]
[Result "1-0"]
[WhiteElo "1829"]
[BlackElo "1397"]
[PlyCount "55"]
[EventDate "2022.04.18"]
[EventType "swiss"]
[EventRounds "7"]
[EventCountry "ESP"]
[SourceTitle "Ajedrez en Madrid"]
[Source "lmi"]
[SourceDate "2022.04.18"]
[SourceVersion "1"]
[SourceVersionDate "2022.04.28"]
[SourceQuality "1"]

1. d4 Nf6 2. f4 e6 3. Nf3 c5 4. e3 Nc6 5. c3 d5 6. Bd3 Ne4 7. O-O c4 8. Bxe4
dxe4 9. Ne5 Nxe5 10. fxe5 b5 11. a4 b4 12. cxb4 Bxb4 13. Qg4 O-O 14. Qxe4 Rb8
15. Nc3 Bb7 16. Qg4 a6 17. Bd2 Bxc3 18. Bxc3 Qd5 19. Rf4 Kh8 20. Raf1 f5 21.
exf6 gxf6 22. e4 Qd8 23. Qxe6 Bc8 24. Qxc4 Rb6 25. a5 Rb7 26. d5 Rc7 27. Qd4
Kg8 28. Rxf6 1-0

[Event "Madrid ch Superveteranos 2021-2022"]
[Site "Madrid ESP"]
[Date "2022.04.19"]
[Round "2.7"]
[White "Ureña Castellano, Antonio"]
[Black "Fernandez Garcia, Ignacio"]
[Result "1-0"]
[WhiteElo "1549"]
[BlackElo "1796"]
[PlyCount "85"]
[EventDate "2022.04.18"]
[EventType "swiss"]
[EventRounds "7"]
[EventCountry "ESP"]
[SourceTitle "Ajedrez en Madrid"]
[Source "lmi"]
[SourceDate "2022.04.18"]
[SourceVersion "1"]
[SourceVersionDate "2022.04.28"]
[SourceQuality "1"]

1. d4 b5 2. e4 Bb7 3. Nd2 a6 4. c4 c6 5. Ngf3 d5 6. cxd5 cxd5 7. e5 e6 8. a4 b4
9. Bd3 a5 10. O-O Ba6 11. Qe2 Bxd3 12. Qxd3 Nd7 13. Nb3 Ne7 14. Bg5 h6 15. Bh4
g5 16. Bg3 Nf5 17. Qb5 Be7 18. Rfc1 O-O 19. Qd3 Nb6 20. Nc5 g4 21. Nd2 Bg5 22.
b3 h5 23. h3 gxh3 24. gxh3 Kh8 25. Qe2 Kg7 26. Qd3 Rg8 27. Kh1 Kh6 28. Rg1 Qe7
29. Nf3 Rg6 30. Rg2 Rag8 31. Rag1 Nd7 32. Nxd7 Qxd7 33. Nxg5 Nxg3+ 34. Rxg3 Qe7
35. h4 f6 36. exf6 Qxf6 37. Qe3 Qe7 38. f4 Qf6 39. Rc1 R6g7 40. Rc6 Re8 41. Kg2
Rge7 42. Qe5 Qg6 43. f5 1-0

[Event "Madrid ch Superveteranos 2021-2022"]
[Site "Madrid ESP"]
[Date "2022.04.19"]
[Round "2.8"]
[White "Ortiz Landeira, Jose Antonio"]
[Black "Siddiqie, Kausar Iqbal"]
[Result "1-0"]
[WhiteElo "1783"]
[BlackElo "1309"]
[PlyCount "71"]
[EventDate "2022.04.18"]
[EventType "swiss"]
[EventRounds "7"]
[EventCountry "ESP"]
[SourceTitle "Ajedrez en Madrid"]
[Source "lmi"]
[SourceDate "2022.04.18"]
[SourceVersion "1"]
[SourceVersionDate "2022.04.28"]
[SourceQuality "1"]

1. c4 Nf6 2. Nc3 d5 3. cxd5 Nxd5 4. g3 Bf5 5. Bg2 Nxc3 6. bxc3 Nc6 7. a4 e5 8.
d3 Bc5 9. Ba3 Bd6 10. Bxd6 cxd6 11. c4 Qa5+ 12. Qd2 Qxd2+ 13. Kxd2 Nd4 14. Rb1
Rb8 15. e3 Ne6 16. Rxb7 Rxb7 17. Bxb7 O-O 18. Bd5 Nc5 19. e4 Bd7 20. Ne2 Nxa4
21. Nc3 Nxc3 22. Kxc3 a5 23. Rb1 a4 24. Rb6 Bg4 25. Ra6 Bd1 26. Bc6 g6 27. Bxa4
Bg4 28. Rxd6 f5 29. Bd7 Kg7 30. c5 Bf3 31. exf5 gxf5 32. c6 Ra8 33. c7 Bb7 34.
Bxf5 Bc8 35. Rd8 Ra3+ 36. Kb2 1-0

[Event "Madrid ch Superveteranos 2021-2022"]
[Site "Madrid ESP"]
[Date "2022.04.19"]
[Round "2.9"]
[White "Infante Martin, Alonso"]
[Black "Jimenez Jimenez, Jose Luis"]
[Result "0-1"]
[WhiteElo "1400"]
[BlackElo "1780"]
[PlyCount "72"]
[EventDate "2022.04.18"]
[EventType "swiss"]
[EventRounds "7"]
[EventCountry "ESP"]
[SourceTitle "Ajedrez en Madrid"]
[Source "lmi"]
[SourceDate "2022.04.18"]
[SourceVersion "1"]
[SourceVersionDate "2022.04.28"]
[SourceQuality "1"]

1. d4 Nf6 2. Nf3 e6 3. h3 d5 4. Bf4 Nbd7 5. Nbd2 Be7 6. e3 c5 7. c3 O-O 8. Be2
b6 9. O-O Bb7 10. Re1 Rc8 11. Rc1 Ne4 12. Nxe4 dxe4 13. Nd2 f5 14. Bc4 Bd5 15.
Ba6 Ra8 16. Qa4 Nb8 17. c4 Nxa6 18. cxd5 Nb4 19. Rf1 Nd3 20. Rc2 exd5 21. f3
cxd4 22. exd4 Nxf4 23. Kh2 Bd6 24. g3 Ne6 25. f4 Qf6 26. Qc6 Nxd4 27. Qxd5+ Kh8
28. Rc4 Nf3+ 29. Nxf3 exf3 30. Qxf3 Qxb2+ 31. Rf2 Qb5 32. Rfc2 Bc5 33. h4 Rae8
34. Qc3 Qb1 35. Rc1 Re2+ 36. Kh3 Qxa2 0-1

[Event "Madrid ch Superveteranos 2021-2022"]
[Site "Madrid ESP"]
[Date "2022.04.19"]
[Round "2.10"]
[White "Lopez Martinez, Antonio"]
[Black "Estrada Martinez, Cesar"]
[Result "0-1"]
[WhiteElo "1511"]
[BlackElo "1970"]
[PlyCount "50"]
[EventDate "2022.04.18"]
[EventType "swiss"]
[EventRounds "7"]
[EventCountry "ESP"]
[SourceTitle "Ajedrez en Madrid"]
[Source "lmi"]
[SourceDate "2022.04.18"]
[SourceVersion "1"]
[SourceVersionDate "2022.04.28"]
[SourceQuality "1"]

1. e4 c5 2. Nf3 Nc6 3. d4 cxd4 4. Nxd4 Nf6 5. Nc3 d6 6. Be2 g6 7. Be3 Bg7 8.
O-O O-O 9. h3 Bd7 10. Qd2 Nxd4 11. Bxd4 Bc6 12. Bf3 Qc7 13. Rad1 Rac8 14. g4 b5
15. g5 Nd7 16. Bxg7 Kxg7 17. Bg2 Kg8 18. f4 b4 19. Nb1 Qb6+ 20. Qf2 Bb5 21.
Qxb6 Nxb6 22. Rf2 Nc4 23. Nd2 Ne3 24. Re1 Nxg2 25. Kxg2 a5 0-1

[Event "Madrid ch Superveteranos 2021-2022"]
[Site "Madrid ESP"]
[Date "2022.04.19"]
[Round "2.11"]
[White "Ghavami, Mahmoud"]
[Black "Viñas Lopez, Carlos"]
[Result "0-1"]
[WhiteElo "1470"]
[BlackElo "1850"]
[PlyCount "74"]
[EventDate "2022.04.18"]
[EventType "swiss"]
[EventRounds "7"]
[EventCountry "ESP"]
[SourceTitle "Ajedrez en Madrid"]
[Source "lmi"]
[SourceDate "2022.04.18"]
[SourceVersion "1"]
[SourceVersionDate "2022.04.28"]
[SourceQuality "1"]

1. c4 e5 2. g3 Nf6 3. Nc3 Nc6 4. Bg2 Bb4 5. e4 Bxc3 6. dxc3 d6 7. h3 Be6 8. Qd3
Nd7 9. Be3 O-O 10. Nf3 h6 11. O-O f5 12. Nh2 f4 13. gxf4 exf4 14. Bd4 Nde5 15.
Qd1 Bxc4 16. Re1 Be6 17. Qh5 Qe8 18. Qxe8 Raxe8 19. f3 h5 20. Rad1 Bxa2 21. Kf2
Bb3 22. Rd2 a6 23. Rg1 Kh7 24. Bf1 Re6 25. c4 Rg6 26. Rxg6 Kxg6 27. c5 Nxd4 28.
Rxd4 dxc5 29. Rd2 Rf6 30. Rd8 Rd6 31. Rc8 Rd2+ 32. Kg1 c6 33. Rb8 b5 34. Ra8
Rxb2 35. Rxa6 c4 36. h4 c3 37. Bxb5 c2 0-1

[Event "Madrid ch Superveteranos 2021-2022"]
[Site "Madrid ESP"]
[Date "2022.04.19"]
[Round "2.12"]
[White "Salgado Duarte, Pablo"]
[Black "Cabrera Jimenez, Julio"]
[Result "1-0"]
[WhiteElo "1435"]
[BlackElo "1757"]
[PlyCount "163"]
[EventDate "2022.04.18"]
[EventType "swiss"]
[EventRounds "7"]
[EventCountry "ESP"]
[SourceTitle "Ajedrez en Madrid"]
[Source "lmi"]
[SourceDate "2022.04.18"]
[SourceVersion "1"]
[SourceVersionDate "2022.04.28"]
[SourceQuality "1"]

1. d4 Nf6 2. c4 e6 3. Nc3 Bb4 4. Bd2 O-O 5. e3 d5 6. Nf3 Nbd7 7. cxd5 exd5 8.
Bd3 c5 9. dxc5 Nxc5 10. Qc2 Bg4 11. Nd4 Rc8 12. Qb1 a6 13. O-O Nxd3 14. Qxd3
Bh5 15. Nde2 Bg6 16. Qd4 Rc4 17. Qe5 Re8 18. Qg3 Nh5 19. Qf3 Nf6 20. Nf4 Be4
21. Nxe4 Nxe4 22. Bxb4 Rxb4 23. Qe2 Nf6 24. Nd3 Rh4 25. h3 d4 26. Rad1 dxe3 27.
fxe3 Qb6 28. Rf3 Rhe4 29. Nf2 R4e6 30. Rd3 Qb5 31. Qd2 Ne4 32. Nxe4 Rxe4 33.
Rb3 Qc6 34. Rc3 Qe6 35. b3 b5 36. Rd3 Qe7 37. Rd7 Qg5 38. Rfxf7 R4e7 39. Rfxe7
Rxe7 40. Rd8+ Kf7 41. Qf2+ Qf6 42. Qxf6+ Kxf6 43. Kf2 Re6 44. Kf3 Rc6 45. Rd2
h6 46. h4 h5 47. g4 hxg4+ 48. Kxg4 g6 49. Kf4 Kg7 50. e4 Kh6 51. e5 a5 52. Rd5
Rc2 53. Rxb5 Rxa2 54. e6 a4 55. bxa4 Rxa4+ 56. Ke5 Rxh4 57. Rb6 Rh1 58. Rb4 Kg7
59. Rb7+ Kh6 60. e7 Re1+ 61. Kf6 Rf1+ 62. Ke6 Re1+ 63. Kf7 Rf1+ 64. Ke8 g5 65.
Kd8 Re1 66. e8=Q Rxe8+ 67. Kxe8 Kh5 68. Rh7+ Kg4 69. Ke7 Kf3 70. Rf7+ Kg3 71.
Ke6 Kg4 72. Ke5 Kh3 73. Ke4 Kg3 74. Ke3 g4 75. Ke2 Kg2 76. Rf2+ Kh3 77. Kf1 Kg3
78. Rg2+ Kf3 79. Ra2 Kg3 80. Kg1 Kh3 81. Ra3+ Kh4 82. Kg2 1-0

[Event "Madrid ch Superveteranos 2021-2022"]
[Site "Madrid ESP"]
[Date "2022.04.19"]
[Round "2.13"]
[White "Lopez Heras, Arturo"]
[Black "Ramos Antona, Enrique"]
[Result "1/2-1/2"]
[WhiteElo "1739"]
[BlackElo "1540"]
[PlyCount "65"]
[EventDate "2022.04.18"]
[EventType "swiss"]
[EventRounds "7"]
[EventCountry "ESP"]
[SourceTitle "Ajedrez en Madrid"]
[Source "lmi"]
[SourceDate "2022.04.18"]
[SourceVersion "1"]
[SourceVersionDate "2022.04.28"]
[SourceQuality "1"]

1. d4 Nf6 2. c4 e6 3. Nc3 Bb4 4. Qc2 c5 5. a3 Bxc3+ 6. bxc3 h6 7. e4 O-O 8. e5
Ne8 9. d5 d6 10. dxe6 Bxe6 11. Nf3 dxe5 12. Nxe5 Nd7 13. Bf4 Nxe5 14. Bxe5 Qg5
15. Qe4 Nf6 16. Qf4 Qxf4 17. Bxf4 Rfe8 18. O-O-O Ne4 19. Be3 b6 20. Kb2 Rad8
21. Be2 Nd6 22. Kb3 Nb7 23. Ka4 Bd7+ 24. Kb3 Na5+ 25. Kc2 Be6 26. a4 Nxc4 27.
Bxc4 Bxc4 28. Rxd8 Rxd8 29. a5 g5 30. axb6 axb6 31. h4 f6 32. hxg5 hxg5 33. Ra1
1/2-1/2

[Event "Madrid ch Superveteranos 2021-2022"]
[Site "Madrid ESP"]
[Date "2022.04.19"]
[Round "2.14"]
[White "Perez Pascual, Arturo"]
[Black "Conchillo Roman, Jose Ignacio"]
[Result "1-0"]
[WhiteElo "1686"]
[BlackElo "1490"]
[PlyCount "51"]
[EventDate "2022.04.18"]
[EventType "swiss"]
[EventRounds "7"]
[EventCountry "ESP"]
[SourceTitle "Ajedrez en Madrid"]
[Source "lmi"]
[SourceDate "2022.04.18"]
[SourceVersion "1"]
[SourceVersionDate "2022.04.28"]
[SourceQuality "1"]

1. e4 d6 2. d4 Nf6 3. Nc3 g6 4. f4 Bg7 5. Nf3 c5 6. Bb5+ Bd7 7. Bxd7+ Nfxd7 8.
Be3 O-O 9. O-O b6 10. Kh1 e6 11. Nb5 Nf6 12. e5 Nd5 13. Bc1 dxe5 14. dxe5 Nc6
15. Nd6 Qe7 16. c4 Nc7 17. Qe2 f6 18. Qe4 Nd4 19. Nxd4 cxd4 20. Bd2 fxe5 21.
fxe5 Rxf1+ 22. Rxf1 Rf8 23. Rf3 d3 24. h3 Ne8 25. Rxd3 Rf5 26. Nxf5 1-0

[Event "Madrid ch Superveteranos 2021-2022"]
[Site "Madrid ESP"]
[Date "2022.04.19"]
[Round "2.15"]
[White "Hortelano Hap, Ramon"]
[Black "Castro Uceda, Jose Antonio"]
[Result "0-1"]
[WhiteElo "1650"]
[BlackElo "1446"]
[PlyCount "96"]
[EventDate "2022.04.18"]
[EventType "swiss"]
[EventRounds "7"]
[EventCountry "ESP"]
[SourceTitle "Ajedrez en Madrid"]
[Source "lmi"]
[SourceDate "2022.04.18"]
[SourceVersion "1"]
[SourceVersionDate "2022.04.28"]
[SourceQuality "1"]

1. f4 d5 2. d4 Nf6 3. e3 Bf5 4. Nf3 c6 5. a3 e6 6. c4 Be7 7. cxd5 exd5 8. Bd3
Bxd3 9. Qxd3 O-O 10. O-O Nbd7 11. Ne5 c5 12. Nc3 a6 13. Bd2 Re8 14. Kh1 Qc7 15.
Rac1 c4 16. Qe2 b5 17. Qf3 Nb6 18. g4 Qb7 19. g5 Ne4 20. Nxe4 dxe4 21. Qh5 Bd6
22. Bb4 Bxb4 23. axb4 Nd5 24. Qh3 Nxb4 25. Nd7 Kh8 26. g6 fxg6 27. Ne5 Kg8 28.
f5 Qc8 29. Qg4 Nd3 30. Rc2 Nxe5 31. dxe5 Rxe5 32. Rg2 Rxf5 33. Rd1 Re5 34. Qf4
Qf5 35. Qh4 Rf8 36. Rgd2 Qf3+ 37. Kg1 Qxe3+ 38. Kh1 Qf3+ 39. Kg1 Rh5 40. Qe7
Qg4+ 41. Kh1 Qf3+ 42. Kg1 Qe3+ 43. Kh1 Rg5 44. Qxf8+ Kxf8 45. Rd8+ Ke7 46.
R8d7+ Ke6 47. R7d6+ Kf5 48. R6d5+ Kg4 0-1

[Event "Madrid ch Superveteranos 2021-2022"]
[Site "Madrid ESP"]
[Date "2022.04.19"]
[Round "2.16"]
[White "Abad Martin-Camuñas, Luis"]
[Black "Alvarez Escudero, Manuel"]
[Result "0-1"]
[WhiteElo "1377"]
[BlackElo "1627"]
[PlyCount "80"]
[EventDate "2022.04.18"]
[EventType "swiss"]
[EventRounds "7"]
[EventCountry "ESP"]
[SourceTitle "Ajedrez en Madrid"]
[Source "lmi"]
[SourceDate "2022.04.18"]
[SourceVersion "1"]
[SourceVersionDate "2022.04.28"]
[SourceQuality "1"]

1. e4 e5 2. Nf3 d6 3. h3 f5 4. Nc3 Nf6 5. d3 Be7 6. Bg5 O-O 7. Be2 Nc6 8. Bxf6
Bxf6 9. Nd5 fxe4 10. dxe4 Ne7 11. Nxf6+ Rxf6 12. Bc4+ Be6 13. Bxe6+ Rxe6 14.
O-O Qd7 15. Nh4 Rh6 16. Nf3 Qe6 17. Ng5 Qg6 18. Qg4 Rf8 19. g3 Kh8 20. Kg2 Rh5
21. Ne6 Rc8 22. Qxg6 Nxg6 23. f4 exf4 24. Nxf4 Nxf4+ 25. Rxf4 Rc5 26. c3 Kg8
27. Raf1 Re5 28. Kf3 Rce8 29. c4 g5 30. Rf5 Rxe4 31. Rxg5+ Kh8 32. Kg2 Rxc4 33.
Rgf5 Rc2+ 34. R5f2 Ree2 35. Rxe2 Rxe2+ 36. Rf2 Rxf2+ 37. Kxf2 Kg7 38. Kf3 Kf6
39. h4 h5 40. Ke4 Ke6 0-1

[Event "Madrid ch Superveteranos 2021-2022"]
[Site "Madrid ESP"]
[Date "2022.04.19"]
[Round "2.17"]
[White "Calderon Martin, Antonio"]
[Black "De Juan Rivas, Antonio"]
[Result "1-0"]
[WhiteElo "1598"]
[BlackElo "1420"]
[PlyCount "132"]
[EventDate "2022.04.18"]
[EventType "swiss"]
[EventRounds "7"]
[EventCountry "ESP"]
[SourceTitle "Ajedrez en Madrid"]
[Source "lmi"]
[SourceDate "2022.04.18"]
[SourceVersion "1"]
[SourceVersionDate "2022.04.28"]
[SourceQuality "1"]

1. e4 e5 2. Nf3 Nf6 3. d4 exd4 4. e5 Bb4+ 5. Bd2 Qe7 6. Bd3 Nd5 7. O-O Nc6 8.
a3 Bxd2 9. Nbxd2 d6 10. exd6 Qxd6 11. Re1+ Nde7 12. Ne4 Qf4 13. Ng3 Bg4 14. Re4
Bxf3 15. Rxf4 Bxd1 16. Rxd1 O-O 17. Ne2 Rad8 18. Bb5 h6 19. h4 Ng6 20. Re4 Nce5
21. Rexd4 Rxd4 22. Rxd4 c6 23. Ba4 Re8 24. Ng3 b5 25. Bb3 c5 26. Re4 Kf8 27.
Nf5 c4 28. Ba2 a6 29. h5 Nh8 30. f4 Nd7 31. Rxe8+ Kxe8 32. Nxg7+ Kf8 33. Nf5
Nf6 34. b3 c3 35. b4 Nxh5 36. g3 Nf6 37. Kf2 h5 38. Kf3 Ng6 39. Nd6 Nh8 40. Nb7
Ke7 41. Nc5 Nd7 42. Nxd7 Kxd7 43. Ke3 f6 44. Kd3 Ng6 45. Kxc3 Ne7 46. Bf7 Nf5
47. Bxh5 Nxg3 48. Bg6 Ne2+ 49. Kb3 Nxf4 50. Bf5+ Kd6 51. Bc8 Ne2 52. Bxa6 Kc6
53. c4 bxc4+ 54. Bxc4 Nd4+ 55. Kc3 Nb5+ 56. Bxb5+ Kxb5 57. Kd4 f5 58. Ke5 f4
59. Kxf4 Kb6 60. Ke5 Kb7 61. Kd5 Kb8 62. Kc6 Ka8 63. b5 Kb8 64. a4 Kc8 65. Kb6
Kb8 66. a5 Kc8 1-0

[Event "Madrid ch Superveteranos 2021-2022"]
[Site "Madrid ESP"]
[Date "2022.04.19"]
[Round "2.18"]
[White "Garcia Marin, Blas"]
[Black "De Los Rios Camacho, Juan Antonio"]
[Result "0-1"]
[WhiteElo "1347"]
[BlackElo "1597"]
[PlyCount "66"]
[EventDate "2022.04.18"]
[EventType "swiss"]
[EventRounds "7"]
[EventCountry "ESP"]
[SourceTitle "Ajedrez en Madrid"]
[Source "lmi"]
[SourceDate "2022.04.18"]
[SourceVersion "1"]
[SourceVersionDate "2022.04.28"]
[SourceQuality "1"]

1. e4 e5 2. Nf3 d6 3. Bc4 Be7 4. Nc3 c6 5. d4 Nd7 6. O-O Ngf6 7. dxe5 dxe5 8.
Be3 Qc7 9. h3 h6 10. a3 Nf8 11. Nh2 g5 12. Be2 Ng6 13. Bg4 Nxg4 14. Nxg4 h5 15.
Nh2 Nf4 16. Ne2 Bd7 17. f3 O-O-O 18. Nxf4 gxf4 19. Bf2 Rhg8 20. Qe1 Bxh3 21. g4
fxg3 22. Bxg3 Bh4 23. Kh1 Bxg3 24. Rf2 Bxf2 25. Qxf2 Bg2+ 26. Kg1 Bxf3+ 27. Kf1
Bg2+ 28. Ke1 Bxe4 29. c3 Rg2 30. Qh4 Qd6 31. Qh3+ f5 32. Nf1 Qd3 33. Qxh5 Bf3
0-1

[Event "Madrid ch Superveteranos 2021-2022"]
[Site "Madrid ESP"]
[Date "2022.04.20"]
[Round "3.1"]
[White "Pastor Alonso De Prado, Alberto"]
[Black "Ortiz Landeira, Jose Antonio"]
[Result "0-1"]
[WhiteElo "2088"]
[BlackElo "1783"]
[PlyCount "138"]
[EventDate "2022.04.18"]
[EventType "swiss"]
[EventRounds "7"]
[EventCountry "ESP"]
[SourceTitle "Ajedrez en Madrid"]
[Source "lmi"]
[SourceDate "2022.04.18"]
[SourceVersion "1"]
[SourceVersionDate "2022.04.28"]
[SourceQuality "1"]

1. c4 c5 2. b3 g6 3. Bb2 Nf6 4. Bxf6 exf6 5. Nc3 f5 6. g3 Bg7 7. Bg2 O-O 8. e3
Nc6 9. Nge2 d6 10. h4 h5 11. O-O a6 12. Rc1 Bd7 13. d4 Rb8 14. dxc5 dxc5 15.
Qd6 Qe7 16. Rfd1 Qxd6 17. Rxd6 Be8 18. f4 Na7 19. Rcd1 Bc6 20. Bxc6 Nxc6 21.
Na4 Rfe8 22. Kf2 Bf8 23. R6d5 b6 24. Nec3 Re6 25. Re1 Nb4 26. Rd2 b5 27. Nb2
Bg7 28. Nbd1 bxc4 29. bxc4 Rbe8 30. Nd5 Nxd5 31. Rxd5 Rc8 32. Re2 Rb6 33. Rc2
a5 34. Ke2 a4 35. Nf2 a3 36. Nd3 Rbc6 37. Rc1 Rb6 38. Kd2 Bf8 39. Rc3 Ra6 40.
Rb3 Ra4 41. Kc3 Re8 42. Ne5 f6 43. Nxg6 Rxe3+ 44. Rd3 Rxd3+ 45. Kxd3 Bd6 46.
Rb6 Kf7 47. Rxd6 Kxg6 48. Kc3 Ra7 49. Kb3 Rb7+ 50. Kxa3 Rb4 51. Rd7 Rxc4 52.
Kb3 Rb4+ 53. Kc3 Ra4 54. Kb2 Rb4+ 55. Ka1 Re4 56. Rc7 Re3 57. Kb2 Rxg3 58. Rxc5
Rg4 59. Rc4 Rxh4 60. a4 Rh2+ 61. Kb3 Rh1 62. a5 Rb1+ 63. Ka2 Rb7 64. Ra4 h4 65.
a6 Rb8 66. a7 Ra8 67. Kb3 h3 68. Kc4 h2 69. Ra1 Rxa7 0-1

[Event "Madrid ch Superveteranos 2021-2022"]
[Site "Madrid ESP"]
[Date "2022.04.20"]
[Round "3.2"]
[White "Jimenez Jimenez, Jose Luis"]
[Black "Barez Menendez, Hector"]
[Result "0-1"]
[WhiteElo "1780"]
[BlackElo "2058"]
[PlyCount "58"]
[EventDate "2022.04.18"]
[EventType "swiss"]
[EventRounds "7"]
[EventCountry "ESP"]
[SourceTitle "Ajedrez en Madrid"]
[Source "lmi"]
[SourceDate "2022.04.18"]
[SourceVersion "1"]
[SourceVersionDate "2022.04.28"]
[SourceQuality "1"]

1. e4 e5 2. Nf3 Nf6 3. Nxe5 d6 4. Nf3 Nxe4 5. d4 d5 6. Bd3 Nc6 7. O-O Be7 8. c4
Nf6 9. Nc3 O-O 10. c5 b6 11. Be3 Ng4 12. Qa4 Na5 13. h3 Nxe3 14. fxe3 Be6 15.
Ne5 Bf6 16. Nf3 Nb7 17. b4 bxc5 18. Qc2 cxb4 19. Nb5 g6 20. Nxc7 Rc8 21. Nxe6
fxe6 22. Qa4 Rc3 23. Qa6 Nd6 24. Ne5 Qe7 25. Nc6 Qb7 26. Rfc1 Qxa6 27. Bxa6 Bg5
28. Rxc3 bxc3 29. Re1 c2 0-1

[Event "Madrid ch Superveteranos 2021-2022"]
[Site "Madrid ESP"]
[Date "2022.04.20"]
[Round "3.3"]
[White "De Paz Nistal, Santiago"]
[Black "Hurtado Garrido, Reyes"]
[Result "1-0"]
[WhiteElo "1874"]
[BlackElo "1606"]
[PlyCount "79"]
[EventDate "2022.04.18"]
[EventType "swiss"]
[EventRounds "7"]
[EventCountry "ESP"]
[SourceTitle "Ajedrez en Madrid"]
[Source "lmi"]
[SourceDate "2022.04.18"]
[SourceVersion "1"]
[SourceVersionDate "2022.04.28"]
[SourceQuality "1"]

1. e4 c5 2. Nc3 Nc6 3. g3 g6 4. Bg2 Bg7 5. d3 d6 6. Be3 Rb8 7. Nge2 b5 8. Qd2
b4 9. Nd1 a5 10. O-O Ba6 11. Re1 e6 12. Rb1 Nd4 13. f4 Ne7 14. Nf2 O-O 15. Kh1
a4 16. c4 bxc3 17. Nxc3 Qd7 18. Rec1 Rb4 19. Bxd4 Bxd4 20. Nfd1 Rfb8 21. Rc2
Nc6 22. Bf1 Bxc3 23. Qxc3 Nd4 24. Rf2 Qb7 25. h4 e5 26. fxe5 dxe5 27. Qxc5 Rb5
28. Qc3 Rc8 29. Qe1 Rbc5 30. Ne3 Nc2 31. Nxc2 Rxc2 32. b3 axb3 33. axb3 Qd7 34.
Rd1 Qg4 35. Rfd2 R8c3 36. Qe3 Rc1 37. Rxc1 Rxc1 38. Kg2 Qc8 39. Rf2 Qc3 40. Qa7
1-0

[Event "Madrid ch Superveteranos 2021-2022"]
[Site "Madrid ESP"]
[Date "2022.04.20"]
[Round "3.4"]
[White "Camarero Izquierdo, Juan Carlos"]
[Black "Ureña Castellano, Antonio"]
[Result "1-0"]
[WhiteElo "1829"]
[BlackElo "1549"]
[PlyCount "45"]
[EventDate "2022.04.18"]
[EventType "swiss"]
[EventRounds "7"]
[EventCountry "ESP"]
[SourceTitle "Ajedrez en Madrid"]
[Source "lmi"]
[SourceDate "2022.04.18"]
[SourceVersion "1"]
[SourceVersionDate "2022.04.28"]
[SourceQuality "1"]

1. d4 Nf6 2. f4 d5 3. e3 h5 4. Nd2 e6 5. Ngf3 c5 6. c3 Nc6 7. Bd3 c4 8. Bc2 b5
9. O-O Ng4 10. Qe2 b4 11. Ne5 Ngxe5 12. fxe5 a5 13. Qf3 Ra7 14. Ba4 Qc7 15. e4
Bb7 16. exd5 exd5 17. Qxd5 Rh6 18. Nxc4 Rg6 19. Bf4 Re6 20. Qf3 Ba6 21. Nd6+
Bxd6 22. exd6 Rxd6 23. Bxd6 1-0

[Event "Madrid ch Superveteranos 2021-2022"]
[Site "Madrid ESP"]
[Date "2022.04.20"]
[Round "3.5"]
[White "Estrada Martinez, Cesar"]
[Black "Cabañas Bravo, Juan Andres"]
[Result "0-1"]
[WhiteElo "1970"]
[BlackElo "1891"]
[PlyCount "86"]
[EventDate "2022.04.18"]
[EventType "swiss"]
[EventRounds "7"]
[EventCountry "ESP"]
[SourceTitle "Ajedrez en Madrid"]
[Source "lmi"]
[SourceDate "2022.04.18"]
[SourceVersion "1"]
[SourceVersionDate "2022.04.28"]
[SourceQuality "1"]

1. d4 Nf6 2. c4 c5 3. d5 b5 4. cxb5 a6 5. b6 Qxb6 6. Nc3 d6 7. e4 g6 8. Nf3 Bg4
9. Be2 Bxf3 10. Bxf3 Nbd7 11. O-O Bg7 12. Rb1 O-O 13. Bf4 Rfb8 14. Qd2 Ne8 15.
Bg5 Qd8 16. h4 Rb4 17. a3 Rb3 18. Rfc1 Rab8 19. Bd1 R3b7 20. h5 Ne5 21. Qe2 c4
22. Ba4 Nd3 23. Rc2 Bxc3 24. Rxc3 Rxb2 25. Rxb2 Rxb2 26. Rc2 Rb1+ 27. Kh2 f6
28. hxg6 fxg5 29. gxh7+ Kh8 30. Qh5 Nf6 31. Qxg5 Qf8 32. Rxc4 Nxh7 33. Qg3 Nxf2
34. Qc3+ Kg8 35. Qg3+ Kh8 36. Qc3+ Nf6 37. Rc8 Rh1+ 38. Kg3 N2xe4+ 39. Kf3 Nxc3
40. Rxf8+ Kg7 41. Ra8 Nxa4 42. Rxa6 Nc5 43. Ra7 Nxd5 0-1

[Event "Madrid ch Superveteranos 2021-2022"]
[Site "Madrid ESP"]
[Date "2022.04.20"]
[Round "3.6"]
[White "Viñas Lopez, Carlos"]
[Black "Maseda Iglesias, Luis"]
[Result "1-0"]
[WhiteElo "1850"]
[BlackElo "1657"]
[PlyCount "57"]
[EventDate "2022.04.18"]
[EventType "swiss"]
[EventRounds "7"]
[EventCountry "ESP"]
[SourceTitle "Ajedrez en Madrid"]
[Source "lmi"]
[SourceDate "2022.04.18"]
[SourceVersion "1"]
[SourceVersionDate "2022.04.28"]
[SourceQuality "1"]

1. d4 d5 2. Bf4 Nf6 3. e3 e6 4. Nd2 Bd6 5. Bg3 c5 6. c3 Qc7 7. Bxd6 Qxd6 8. f4
b6 9. Bd3 Ba6 10. Bxa6 Nxa6 11. Qa4+ b5 12. Qxb5+ Nd7 13. Qa4 Ke7 14. Ngf3 Rhb8
15. Qa3 f6 16. b3 Nc7 17. O-O Nb5 18. Qb2 Qb6 19. Kh1 Nd6 20. Qc2 g6 21. e4
dxe4 22. Nxe4 cxd4 23. cxd4 Rc8 24. Qd3 Nb5 25. Rad1 f5 26. Nc5 Nxc5 27. dxc5
Qb7 28. a4 Rd8 29. Qxb5 1-0